| 000 | 00696cam a22002295a 4500 | ||
|---|---|---|---|
| 005 | 20150909124212.0 | ||
| 008 | 130919r20072001ii a fr 000 0 eng d | ||
| 020 | _a9788185749891 | ||
| 040 |
_aEG-ScBUE _beng _cEG-ScBUE |
||
| 082 | 0 | 4 |
_a660.2 _bRAT _222 |
| 100 | 1 | _aRattan,Sunita. | |
| 245 |
_aEngineering chemistry / _cSunita Rattan. |
||
| 246 |
_aEngineering chemistry : _b(With experiments). |
||
| 250 | _a4th ed, Revised ed. | ||
| 260 |
_aDelhi : _bS.K.Kataraia and Sons, _c2007. |
||
| 300 |
_aix ; 890 p.: _bill. ; _c24 cm. |
||
| 500 | _aReprinted of 2005 ed. | ||
| 590 | _adoaa mohamed | ||
| 650 |
_aChemical Engineering. _933690 _2BUEsh |
||
| 651 | _2BUEsh | ||
| 653 |
_bENGCHE _cAugust2015 |
||
| 999 |
_c2897 _d2897 |
||